The Girl Is Mine - Michael Jackson Paul McCartney full Lyrics - Statistics

General Stats
  • This quiz has been taken 10 times
  • The average score is 323 of 383
Answer Stats
Answer % Correct
a
100%
girl
100%
I
100%
love
100%
mine,
100%
mine.
100%
mine),
100%
mine
100%
(mine,
100%
mine).
100%
mine...
100%
(Mine,
100%
mine)
100%
No,
100%
no,
100%
(No,
100%
no)
100%
(no,
100%
she
100%
that
100%
you
100%
you,
100%
and
89%
anywhere),
89%
be
89%
don't
89%
Don't
89%
for
89%
he
89%
her
89%
her,
89%
is
89%
Is
89%
it
89%
it,
89%
me
89%
me,
89%
not
89%
one
89%
she's
89%
She's
89%
(she's
89%
(She's
89%
so
89%
(take
89%
the
89%
(the
89%
The
89%
way
89%
will
89%
yeah,
89%
Yeah,
89%
doggone
78%
Eh,
78%
endlessly
78%
ever.
78%
fight
78%
forever
78%
go
78%
going
78%
I'm
78%
in
78%
it's
78%
know
78%
know,
78%
lover,
78%
Michael,
78%
more
78%
my
78%
only
78%
or
78%
Paul,
78%
said
78%
said?
78%
than
78%
think
78%
to
78%
understand
78%
we
78%
well,
78%
Well,
78%
we're
78%
what
78%
who
78%
your
78%
about
67%
am
67%
another.
67%
because
67%
believe
67%
but
67%
cannot
67%
couldn't
67%
day,
67%
discover
67%
Every
67%
feel
67%
fighter.
67%
from
67%
Ha
67%
ha,
67%
heart,
67%
just
67%
keep
67%
mind,
67%
of
67%
other,
67%
really
67%
saying
67%
share),
67%
start.
67%
this,
67%
time,
67%
told
67%
waste
67%
you'll
67%
after
56%
all
56%
before,
56%
blow
56%
both
56%
'cause
56%
'Cause
56%
come
56%
dreaming!
56%
dreams
56%
have
56%
heard
56%
let
56%
(loving,
56%
loving
56%
met
56%
night,
56%
okay?
56%
proud
56%
remember?
56%
silly
56%
special
56%
yours,
56%
I've
44%
right
44%
roses
44%
sending
44%
since
44%
tell
44%
walks
44%
with
44%
she'll
33%
town,
33%
yep,
33%
down,
22%
hopes
22%
build
11%
mhm.
11%
No matching quizzes found
Score Distribution
Percent of People with Each Score
Percentile by Number Answered
Your Score History
You have not taken this quiz